Technical writing (Record no. 4054)

MARC details
000 -LEADER
fixed length control field 00529nam a22001697i 4500
050 14 - LIBRARY OF CONGRESS CALL NUMBER
Classification number T 11
Item number T255 1997
100 ## - MAIN ENTRY--PERSONAL NAME
Personal name Vicente, Corazon C.
245 ## - TITLE STATEMENT
Title Technical writing
Remainder of title compiled and prepared
Statement of responsibility, etc. Corazon C. Vicente, Wenceslawa B Soria
250 ## - EDITION STATEMENT
Edition statement Revised edition
264 #1 - PRODUCTION, PUBLICATION, DISTRIBUTION, MANUFACTURE, AND COPYRIGHT NOTICE
Date of production, publication, distribution, manufacture, or copyright notice 1997.
300 ## - PHYSICAL DESCRIPTION
Extent xiii, 328 pages;
Other physical details 22 cm.
336 ## - CONTENT TYPE
Content type term text
Content type code txt
Source rdacontent
337 ## - MEDIA TYPE
Media type term unmediated
Media type code n
Source rdamedia
338 ## - CARRIER TYPE
Carrier type term volume
Carrier type code nc
Source rdacarrier
650 ## - SUBJECT ADDED ENTRY--TOPICAL TERM
Topical term or geographic name entry element 1.Technical writing. I.Vicente Corazon C. ISoria, Wenceslawa B.
942 ## - ADDED ENTRY ELEMENTS (KOHA)
Koha item type Filipiniana
Holdings
Withdrawn status Source of classification or shelving scheme Damaged status Not for loan Collection code Home library Current library Shelving location Date acquired Total Checkouts Full call number Barcode Date last seen Price effective from Koha item type
  Library of Congress Classification     Non-fiction Binangonan College Library Binangonan College Library Filipiniana Section 06/07/2023   T 11 T255 1997 URSBIN-673 02/26/2016 02/26/2016 Filipiniana
  Library of Congress Classification       Binangonan College Library Binangonan College Library Filipiniana Section 07/10/2023   T 11 T43 1997 URSBIN-2685 07/10/2023 07/10/2023 Filipiniana

University of Rizal System
Email us at univlibservices@urs.edu.ph

Visit our Website www.urs.edu.ph/library